| 000 | 00738nam a22002652 4500 | ||
|---|---|---|---|
| 001 | 0000025079 | ||
| 005 | 20151217155237.0 | ||
| 008 | 141114s xx 000 0 eng d | ||
| 020 |
_a _c |
||
| 040 |
_aKABU _cKABU |
||
| 050 | 0 |
_aRT41 _b.F86 2013 |
|
| 100 | 1 |
_a _d |
|
| 245 | 1 | 0 |
_aFundamentals of nursing : _b _cPatricia A. Potter ... [et al.] |
| 250 | _a8th ed. | ||
| 260 |
_aSt. Louis, Missouri : _bElsevier, _c2013. |
||
| 300 |
_axxxii, 1358 p. : _b _c |
||
| 500 | _a | ||
| 504 | _a | ||
| 650 | 0 |
_aNursing. _@0000155852 |
|
| 650 | 0 |
_aNurse-patient relations. _@0000185479 |
|
| 650 | 0 | _a | |
| 700 | 1 |
_aPotter, Patricia A., _d _@0000185480 |
|
| 852 | 1 | _9p11,708KES | |
| 908 | _a141114 | ||
| 999 |
_c12259 _d12259 |
||